000 01004nab a2200289 u 4500
001 14392
003 HDC
007 cr bn ---aaaaa
008 210201b20120815my ||||| |||| 00| 0 may d
040 _aHDC
245 0 _aTV, Radio diberi sijil halal bagi elak pornografi
246 _aTiga ratus lima puluh sembilan
260 _aKuala Lumpur :
_bThe New Straits Times Press (M) Bhd.,
_c2012
300 _a1 online resource
336 _atext
_2rdacontent
337 _acomputer
_2rdamedia
338 _aonline resource
_2rdacarrier
650 _aConsumer protection (Islamic law)
_9238
650 _aPornography
_xSocial aspects.
_914978
650 _aRadio programs
_914977
650 _aTelevision programs
_914976
710 _aHarian Metro,
_eissung body
856 _zRequest full-text at [email protected]
942 _2lcc
942 _cNEWS
942 _kNWSC 003226
999 _c11708
_d11708